British Overseas Territories - Statistics

General Stats
  • This quiz has been taken 87 times
    53 since last reset
  • The average score is 12 of 17
Answer Stats
Continent Territory % Correct
North America Bermuda
85%
South America Falkland Islands
79%
Europe Gibraltar
79%
Asia British Indian Ocean Territory
76%
North America British Virgin Islands
76%
North America Cayman Islands
76%
Africa Saint Helena
76%
North America Anguilla
71%
Antarctica British Antarctic Territory
68%
North America Montserrat
68%
Europe Guernsey
65%
Europe Isle of Man
65%
Oceania Pitcairn Islands
65%
South America South Georgia Island
65%
North America Turks and Caicos Islands
65%
Europe Jersey
62%
South America South Sandwich Islands
44%
No matching quizzes found
Score Distribution
Percent of People with Each Score
Percentile by Number Answered
Your Score History
You have not taken this quiz since the last reset